000 00571nam a2200217Ia 4500
003 OSt
005 20221007083028.0
006 a|||||r|||| 00| 0
007 ta
008 221006b |||||||| |||| 00| 0 eng d
024 _a46,231
037 _cDissertations
040 _aFLL
_cFLL
_beng
041 _2eng
_aeng
100 _aPANKAJ Amit Kumar
_9700114
245 0 _aHumanitarian intervention and state soveirgnity
_b Legal dilemma
260 _c2020
300 _ax,104p.
_ccm.
942 _cDIS
_2CC
999 _c1168550
_d1168550